00745 2200217 4500001002100000005001500021035002000036007000300056008004100059082001100100084001700111100001900128245017700147260006900324300002800393650001000421650001400431520002400445856003400469990002400503INLIS00000000000828420260427105551 a0010-0426000133ta260427 0 ind  a631.17 a631.17 TIM t0 aTim BPTP Jatim1 aTaman Teknologi Pertanian (TTP) Banyubang Kecamatan Solokuro Kabupaten Lamongan (Pendampingan Taman Teknologi Pertanian Desa Banyubang Kecamatan Solokuro Kabupaten Lamongan aMalang :bBalai Pengkajian Teknologi Pertanian Jawa Timur,c2017 a22p. :bIlus ;c29.1 cm 4aTaman 4aTeknologi aLaporan Akhir Tahun aPerpustakaan BBRMP Jawa Timur a425/2026/BBRMPJATIM